| 000 | 00969nam a22002537a 4500 | ||
|---|---|---|---|
| 999 |
_c123575 _d123575 |
||
| 005 | 20190923163033.0 | ||
| 010 | _aB-059016 | ||
| 020 |
_a8171415857 _c450.00 |
||
| 035 | _aB-059016 | ||
| 037 | _bCen Lib/Ret | ||
| 082 | _a382.9 | ||
| 100 | _aNarasaiah, M.Lakshmi | ||
| 245 |
_aWorld trade organisation and the developing countries / _cby M.Lakshmi Narasaiah |
||
| 260 |
_aNew Delhi _bDiscovery publishing house _c2001 |
||
| 270 |
_a4831/24,Ansari road Prahlad street Darya Ganj _bNew Delhi _e110002 |
||
| 300 |
_a225p. _c21cm(Hb) |
||
| 500 | _aIncludes index | ||
| 650 | _aForeign trade-WTO | ||
| 650 | _aDeveloping countries-WTO-global competition | ||
| 650 | _aविदेश व्यापार-विश्व व्यापार संगठन | ||
| 650 | _aविकासशील देशों को विश्व व्यापार संगठन | ||
| 942 |
_2ddc _cEN _h382.9 _mNAR |
||